000 00537cam a2200217 i 4500
001 1826764
005 20180205043713.0
008 800724s1980 nyua b 001 0 eng
010 _a 80020189
020 _a0893441205
040 _aDLC
_cDLC
_dDLC
041 _aeng
080 _a658 JOH
082 0 0 _a658 JOH
_219
100 1 _a54
101 _aMAN
245 1 0 _aOptimum management /
_cJohn B. McMaster.
504 _aBibliography: p. 261-264.
906 _a7
_bcbc
_corignew
_d1
_eocip
_f19
_gy-gencatlg
942 _2ddc
_cBK
999 _c41737
_d41737